000
00286nam a22001217a 4500
020
_a
NA
082
_2
22
_a
621.381521
100
_a
Comer David and Comer Donald.
245
_a
Electronic circuit design /
260
_a
JWS,
_b
JWS,
_c
c2003
300
_a
490 p,;
_b
NA
_c
22cm.
942
_2
ddc
_c
EE
999
_c
2755
_d
2755